Spišiaci vyrovnali krok druhé zápasy semifinále play-off 1. hokejovej ligy

Bibliographic Details
Format: Article
Language:Slovak
PhysicalDescription:Tab.
ISSN:0139-7001
Subjects:

MARC

LEADER 00000nab a2200000 ar4500
001 vtls008957570
003 SK-MaSNL
005 20260303070956.0
008 070321c20070313xo wr|p|||||||000 b|slo
015 |a SNBRBL2007/03  |2 snkbucl 
038 |a SNKBUCL 
040 |a SNKBUCL  |b slo  |c SNKBUCL  |e AACR2 
041 0 |a slo 
044 |a xo  |c SK 
080 |a 796.966.093.1  |2 2001 
245 0 0 |a Spišiaci vyrovnali krok  |b druhé zápasy semifinále play-off 1. hokejovej ligy 
300 |b Tab. 
648 7 |a sezóna 2006/2007  |2 snkbucl  |9 1032718 
650 0 7 |a ľadový hokej  |2 snkbucl  |9 3231 
650 0 7 |a 1. liga  |2 snkbucl  |9 722880 
650 0 7 |a semifinále play-off  |2 snkbucl  |9 1033220 
650 0 7 |a druhé zápasy  |2 snkbucl  |9 1034631 
773 0 |t Šport  |g Roč. 61, č. 60 (13.3.2007), s. 16  |x 0139-7001 
852 |a SNK  |b KIS3GCP 
999 |c 1757780  |d 1759710